[Event "IV Open Internacional Calvia"]
[Site "Calvia"]
[Date "2007.10.15"]
[Round "1.3"]
[White "Mchedlishvili, Mikheil"]
[Black "Gurbanzade, Erkin"]
[Result "1-0"]
[WhiteElo "2631"]
[BlackElo "2179"]
[PlyCount "77"]
[EventDate "2007.??.??"]

1. d4 Nf6 2. c4 g6 3. Nc3 Bg7 4. e4 d6 5. h3 O-O 6. Nf3 e5 7. d5 Nbd7 8. Bg5 a5
9. Be2 Nc5 10. Nd2 c6 11. O-O h6 12. Be3 Nfd7 13. b3 f5 14. a3 f4 15. Bxc5 Nxc5
16. b4 Nd7 17. dxc6 bxc6 18. b5 Bb7 19. Bg4 Nf6 20. Rb1 h5 21. Be6+ Kh7 22.
bxc6 Bxc6 23. Nd5 Ra7 24. Qb3 f3 25. Nxf3 Nxe4 26. Qb6 Qa8 27. Nc7 Qb7 28. Qxb7
Rxb7 29. Rxb7 Bxb7 30. Rb1 Bc6 31. Rb6 Ba4 32. Bd5 Nc5 33. Rxd6 e4 34. Ng5+ Kh6
35. Nce6 Nxe6 36. Nxe6 Be5 37. Ra6 Rb8 38. Bxe4 Bb3 39. Nc5 1-0

[Event "IV Open Internacional Calvià"]
[Site "Calvia"]
[Date "2007.10.15"]
[Round "1.4"]
[White "Ruiz Vinals, Matias"]
[Black "Damljanovic, Branko"]
[Result "0-1"]
[WhiteElo "2164"]
[BlackElo "2608"]
[PlyCount "72"]
[EventDate "2007.10.15"]

1. d4 Nf6 2. c4 g6 3. Nc3 Bg7 4. e4 d6 5. f4 c5 6. d5 O-O 7. Nf3 e6 8. Be2 exd5
9. cxd5 Bg4 10. O-O Nbd7 11. Re1 Re8 12. h3 Bxf3 13. Bxf3 a6 14. a4 c4 15. Be3
Qa5 16. Qd2 Nc5 17. Bxc5 Qxc5+ 18. Qf2 Nd7 19. Qxc5 Nxc5 20. Re2 Nd3 21. Rb1
Nxf4 22. Rc2 Rac8 23. Na2 h5 24. Nc1 h4 25. Kf1 b5 26. axb5 axb5 27. Ra1 Ra8
28. Rxa8 Rxa8 29. Ke1 Ra1 30. Kd2 Rb1 31. Ke3 g5 32. Ne2 Nxe2 33. Bxe2 Bxb2 34.
Kf3 Kg7 35. g3 hxg3 36. Kxg3 Be5+ 0-1

[Event "IV Open Internacional Calvià"]
[Site "Calvia"]
[Date "2007.10.15"]
[Round "1.5"]
[White "Malakhatko, Vadim"]
[Black "Raznikov, Danny"]
[Result "1-0"]
[WhiteElo "2596"]
[BlackElo "2162"]
[PlyCount "93"]
[EventDate "2007.10.15"]

1. d4 Nf6 2. c4 c5 3. d5 b5 4. cxb5 a6 5. bxa6 g6 6. Nc3 Bxa6 7. g3 Bg7 8. Bg2
d6 9. Nf3 Nbd7 10. Rb1 O-O 11. O-O Qa5 12. Bd2 Rfb8 13. Qc2 Nb6 14. b3 Ne8 15.
Rfd1 Qa3 16. Bc1 Qa5 17. Bb2 Nc7 18. e4 Bc8 19. h3 Bd7 20. a3 Qa6 21. Rdc1 Qc8
22. Kh2 Qb7 23. Nd2 Rc8 24. f4 Na6 25. Nf3 Rab8 26. Qd2 Nc7 27. Rd1 Nba8 28.
Ba1 Qa7 29. Qc1 Rb6 30. Nd2 Rcb8 31. Qc2 R6b7 32. Bb2 Nb5 33. Nxb5 Bxb5 34.
Bxg7 Kxg7 35. e5 Nc7 36. a4 Ba6 37. Qc3 Kg8 38. exd6 exd6 39. Re1 Ne8 40. Re3
Re7 41. Rbe1 Rbb7 42. Qa5 Kf8 43. Ne4 c4 44. Qc3 Kg8 45. b4 Rbd7 46. b5 Bc8 47.
a5 1-0

[Event "IV Open Internacional Calvia"]
[Site "Calvia"]
[Date "2007.10.15"]
[Round "1.6"]
[White "Babar, Michael"]
[Black "Berg, Emanuel"]
[Result "0-1"]
[WhiteElo "2160"]
[BlackElo "2593"]
[PlyCount "148"]
[EventDate "2007.??.??"]

1. Nf3 Nf6 2. c4 c5 3. Nc3 Nc6 4. g3 d6 5. Bg2 Bg4 6. d3 h6 7. Rb1 Qd7 8. a3
Bh3 9. O-O a5 10. Nd5 Bxg2 11. Nxf6+ exf6 12. Kxg2 d5 13. Qa4 Be7 14. Bd2 O-O
15. cxd5 Qxd5 16. Bc3 Rfe8 17. Kg1 Bf8 18. Rfe1 Re6 19. Qc4 Qd7 20. Rbd1 Qe8
21. e3 a4 22. d4 cxd4 23. exd4 Qd7 24. Rxe6 fxe6 25. Re1 Qd5 26. Qxd5 exd5 27.
Nh4 Kf7 28. f4 Na7 29. Nf3 Nb5 30. Rc1 Re8 31. Kf2 Nd6 32. Nd2 Nc4 33. Nxc4
dxc4 34. f5 g6 35. fxg6+ Kxg6 36. Kf3 h5 37. h3 Bh6 38. Re1 Rxe1 39. Bxe1 f5
40. Bc3 Kf7 41. d5 Ke7 42. Be5 Bc1 43. g4 fxg4+ 44. hxg4 h4 45. Kg2 b5 46. Kf3
Bg5 47. Ke4 h3 48. Kf5 Bc1 49. d6+ Kd7 50. g5 Bxb2 51. g6 Bxe5 52. Kxe5 h2 53.
g7 h1=Q 54. g8=Q Qh2+ 55. Kf5 Qxd6 56. Qa8 Qc5+ 57. Kf4 Qd6+ 58. Kf5 Qc5+ 59.
Kf4 Kc7 60. Qa5+ Qb6 61. Qc3 Qd6+ 62. Ke4 Kc6 63. Qa5 Qd3+ 64. Ke5 Qe3+ 65. Kf5
Qf3+ 66. Ke5 Qe3+ 67. Kf5 Qb6 68. Qc3 Qf2+ 69. Ke4 Qe2+ 70. Kf4 Kd5 71. Qa5
Qf2+ 72. Kg4 Qe2+ 73. Kf4 c3 74. Qd8+ Kc4 0-1

[Event "IV Open Internacional Calvia"]
[Site "Calvia"]
[Date "2007.10.15"]
[Round "1.7"]
[White "Gagunashvili, Merab"]
[Black "Hoenick, Andreas"]
[Result "1-0"]
[WhiteElo "2584"]
[BlackElo "2158"]
[PlyCount "59"]
[EventDate "2007.??.??"]

1. d4 Nf6 2. c4 e6 3. Nc3 Bb4 4. Qc2 O-O 5. Bg5 b6 6. e4 h6 7. Bh4 Bb7 8. e5 g5
9. Bg3 Ne4 10. f3 Bxc3+ 11. bxc3 Nxg3 12. hxg3 Kg7 13. Bd3 d6 14. f4 Nd7 15.
Nf3 Bxf3 16. gxf3 Qe7 17. Rxh6 Rh8 18. Rxh8 Rxh8 19. O-O-O a5 20. Qd2 gxf4 21.
gxf4 Qh4 22. Rg1+ Kf8 23. Bc2 Qh2 24. Rg2 Qh1+ 25. Kb2 Rg8 26. Rxg8+ Kxg8 27.
f5 Qh4 28. Qg2+ Kf8 29. f6 b5 30. f4 1-0

[Event "IV Open Internacional Calvià"]
[Site "Calvia"]
[Date "2007.10.15"]
[Round "1.8"]
[White "Cruz Condori, Alfredo"]
[Black "Mikhalevski, Victor"]
[Result "0-1"]
[WhiteElo "2149"]
[BlackElo "2584"]
[PlyCount "84"]
[EventDate "2007.10.15"]

1. c4 Nf6 2. b4 d5 3. cxd5 Nxd5 4. a3 e5 5. Bb2 f6 6. Qc2 a5 7. b5 c5 8. e3 Be6
9. Nf3 Nd7 10. Nc3 N7b6 11. Bd3 g6 12. h4 Qd7 13. Nxd5 Nxd5 14. h5 g5 15. Bc4
Bh6 16. Be2 Rc8 17. Bc3 b6 18. Nh2 c4 19. a4 Nb4 20. Qb1 Nd3+ 21. Kf1 g4 22.
Kg1 Rc5 23. Nf1 f5 24. Ng3 O-O 25. Bf1 Qd5 26. Ne2 Rcc8 27. Nc1 Nc5 28. Ne2 Nb3
29. Ra2 f4 30. Qb2 g3 31. fxg3 fxe3 32. dxe3 Qd1 33. Nf4 exf4 34. exf4 Bg4 35.
Qf2 Bg7 36. Bxg7 Kxg7 37. h6+ Kh8 38. Kh2 Rf5 39. Kg1 c3 40. Rc2 Nd4 41. Rh4
Nxc2 42. Rxg4 Qd4 0-1

[Event "IV Open Internacional Calvià"]
[Site "Calvia"]
[Date "2007.10.15"]
[Round "1.9"]
[White "Kuzubov, Yuriy"]
[Black "Persson, Mats"]
[Result "1-0"]
[WhiteElo "2582"]
[BlackElo "2131"]
[PlyCount "81"]
[EventDate "2007.10.15"]

1. d4 Nf6 2. c4 e6 3. Nc3 Bb4 4. Qc2 Nc6 5. e3 O-O 6. a3 Bxc3+ 7. Qxc3 a5 8. b3
d6 9. Bd3 e5 10. Ne2 Re8 11. O-O Qe7 12. d5 Nb8 13. e4 c6 14. f3 Nbd7 15. Be3
Nc5 16. Bc2 Bd7 17. b4 axb4 18. axb4 Na6 19. dxc6 bxc6 20. Ra5 Nc7 21. Rfa1
Rxa5 22. Rxa5 Ra8 23. Rxa8+ Nxa8 24. Qa3 Qd8 25. Nc3 Qb8 26. Qa5 Nc7 27. Bd3
Kf8 28. b5 c5 29. f4 Ng4 30. Bd2 exf4 31. Bxf4 Ne6 32. Bg3 Ne5 33. Be2 Nd4 34.
Bf1 f6 35. Nd5 Ke8 36. h3 Be6 37. Bf2 Bxd5 38. exd5 Kd7 39. b6 Kc8 40. Bxd4
cxd4 41. c5 1-0

[Event "IV Open Internacional Calvià"]
[Site "Calvia"]
[Date "2007.10.15"]
[Round "1.10"]
[White "Kvisla, Johannes Luangtep"]
[Black "Mamedov, Rauf"]
[Result "0-1"]
[WhiteElo "2124"]
[BlackElo "2582"]
[PlyCount "83"]
[EventDate "2007.10.15"]

1. d4 g6 2. c4 Bg7 3. Nc3 d6 4. e4 e5 5. Nf3 exd4 6. Nxd4 Nf6 7. g3 Nbd7 8. Bg2
O-O 9. O-O a6 10. Nb3 Re8 11. f4 Rb8 12. Be3 b5 13. Na5 c5 14. Nc6 Qc7 15. Nxb8
Qxb8 16. cxb5 axb5 17. a3 Nb6 18. h3 Nc4 19. Bf2 b4 20. axb4 cxb4 21. Ba7 Qc7
22. Nb5 Qd7 23. Nxd6 Nxd6 24. e5 Nfe4 25. exd6 Bxb2 26. Qa4 Nxg3 27. Qxd7 Bxd7
28. Rab1 Bc3 29. Rf3 Ne2+ 30. Kf2 Ra8 31. Rxc3 Nxc3 32. Bxa8 Nxb1 33. Be4 Nc3
34. Bc2 Kf8 35. Bb3 Ke8 36. Ke3 Be6 37. Bxe6 fxe6 38. Kd4 Nb5+ 39. Ke3 Nc3 40.
Kd3 Kd7 41. Ke3 Ke8 42. Kd4 0-1

[Event "IV Open Internacional Calvià"]
[Site "Calvia"]
[Date "2007.10.15"]
[Round "1.11"]
[White "Spraggett, Kevin"]
[Black "Tofte, Sondre Waage"]
[Result "1-0"]
[WhiteElo "2580"]
[BlackElo "2107"]
[PlyCount "70"]
[EventDate "2007.10.15"]

1. e4 e5 2. Nf3 Nc6 3. Bb5 a6 4. Ba4 Nf6 5. d3 b5 6. Bb3 Be7 7. Nbd2 d6 8. c3
Na5 9. Bc2 c5 10. O-O O-O 11. Re1 Nc6 12. Nf1 Re8 13. a4 Bb7 14. Ng3 Bf8 15.
Nf5 d5 16. Bg5 d4 17. cxd4 cxd4 18. Bb3 h6 19. Bd2 Qd7 20. N3h4 Kh7 21. Qf3 Ng8
22. g4 g6 23. Ng3 Nd8 24. axb5 axb5 25. Rxa8 Bxa8 26. Ng2 Bg7 27. h4 Rf8 28.
Rc1 Ne7 29. h5 Ne6 30. Kh2 Qd6 31. Rh1 Bc6 32. g5 Nxg5 33. Bxg5 hxg5 34. hxg6+
fxg6 35. Kg1+ Bh6 1-0

[Event "IV Open Internacional Calvià"]
[Site "Calvia"]
[Date "2007.10.15"]
[Round "1.12"]
[White "Cortes, Eduardo"]
[Black "Hamdouchi, Hichem"]
[Result "0-1"]
[WhiteElo "2106"]
[BlackElo "2576"]
[PlyCount "64"]
[EventDate "2007.10.15"]

1. e4 c5 2. Nf3 Nc6 3. d4 cxd4 4. Nxd4 Nf6 5. Nc3 d6 6. Bc4 Qb6 7. Nxc6 bxc6 8.
O-O g6 9. Bb3 Bg7 10. Be3 Qc7 11. h3 O-O 12. f4 a5 13. Bc4 a4 14. a3 Nxe4 15.
Nxe4 d5 16. Bd4 Bxd4+ 17. Qxd4 dxc4 18. Rf2 Be6 19. Ng5 Bd5 20. Raf1 Qa7 21.
Qc3 f6 22. Nf3 Rfd8 23. Nd2 Qc5 24. Kh1 Bf7 25. Nf3 Rd7 26. Re2 Rad8 27. Rfe1
Rd1 28. Qb4 Qxb4 29. axb4 Rxe1+ 30. Rxe1 Bd5 31. Re3 Kf7 32. Kh2 Rb8 0-1

[Event "IV Open Internacional Calvià"]
[Site "Calvia"]
[Date "2007.10.15"]
[Round "1.13"]
[White "Maze, Sebastien"]
[Black "Wahl, Peter"]
[Result "1-0"]
[WhiteElo "2576"]
[BlackElo "2100"]
[PlyCount "83"]
[EventDate "2007.10.15"]

1. e4 d5 2. exd5 Qxd5 3. Nc3 Qa5 4. Bc4 Nf6 5. d3 c6 6. Nge2 Bf5 7. h3 h6 8.
Bd2 Qc7 9. g4 Bh7 10. Ng3 e6 11. Qe2 Be7 12. f4 Nbd7 13. Qf3 O-O-O 14. O-O-O b5
15. Bb3 Nc5 16. Nce4 Nfxe4 17. Nxe4 Bxe4 18. dxe4 Nxb3+ 19. axb3 Bc5 20. Bc3 f6
21. b4 Bd6 22. e5 fxe5 23. fxe5 Be7 24. Kb1 Rxd1+ 25. Rxd1 Rf8 26. Qe4 Bg5 27.
Qg6 Qf7 28. Qxf7 Rxf7 29. Rd6 Kc7 30. Rxe6 Re7 31. Rg6 Bf4 32. h4 a6 33. Ka2
Bxe5 34. Bxe5+ Rxe5 35. Rxg7+ Kd6 36. Rg6+ Re6 37. Rxe6+ Kxe6 38. Kb3 Ke5 39.
Kc3 Kd5 40. Kd3 Ke5 41. Ke3 a5 42. bxa5 1-0

[Event "IV Open Internacional Calvià"]
[Site "Calvia"]
[Date "2007.10.15"]
[Round "1.14"]
[White "Oliver Serrano, Angel"]
[Black "Arencibia, Rodriguez Walter"]
[Result "0-1"]
[WhiteElo "2094"]
[BlackElo "2562"]
[PlyCount "57"]
[EventDate "2007.10.15"]

1. e4 c5 2. Nf3 e6 3. d4 cxd4 4. Nxd4 a6 5. c4 Nf6 6. Nc3 Qc7 7. a3 b6 8. Be3
Bb7 9. f3 d6 10. Qd2 Nbd7 11. Be2 Be7 12. O-O O-O 13. Rac1 Rfe8 14. b4 Ne5 15.
Rfd1 Rac8 16. Na4 Nfd7 17. Bf1 Qb8 18. Kh1 h5 19. Rc2 h4 20. h3 Bd8 21. Bg1 Nf6
22. Nb3 Bxe4 23. fxe4 Nxe4 24. Qf4 Ng3+ 25. Kh2 g5 26. Qd4 d5 27. Bf2 Nf5 28.
Qxe5 Qxe5+ 29. Kg1 0-1

[Event "IV Open Internacional Calvià"]
[Site "Calvia"]
[Date "2007.10.15"]
[Round "1.15"]
[White "Gharamian, Tigran"]
[Black "Schmitz, Andreas Arnold"]
[Result "1-0"]
[WhiteElo "2557"]
[BlackElo "2093"]
[PlyCount "77"]
[EventDate "2007.10.15"]

1. e4 e6 2. d4 d5 3. Nc3 Bb4 4. e5 c5 5. Bd2 cxd4 6. Nb5 Bxd2+ 7. Qxd2 Nc6 8.
f4 f6 9. Nf3 Nh6 10. exf6 gxf6 11. Nbxd4 Qa5 12. Qxa5 Nxa5 13. O-O-O Ng4 14.
Re1 Nf2 15. Bb5+ Kf7 16. Rhf1 Ne4 17. g4 a6 18. Bd3 Nc5 19. g5 Nxd3+ 20. cxd3
Nc6 21. Nxc6 bxc6 22. gxf6 Kxf6 23. Kd2 Rb8 24. b3 Rg8 25. Rg1 Rxg1 26. Rxg1
Rb4 27. Rg8 Bb7 28. Kc3 c5 29. d4 Rb5 30. Rf8+ Kg7 31. Re8 Kf7 32. Rb8 cxd4+
33. Nxd4 Rc5+ 34. Kb4 Rc7 35. Ka5 Bc8 36. Kb6 Rc3 37. Nc6 Bd7 38. Ne5+ Kf6 39.
Rf8+ 1-0

[Event "IV Open Internacional Calvià"]
[Site "Calvia"]
[Date "2007.10.15"]
[Round "1.16"]
[White "Juan Mas, Santiago"]
[Black "Strikovic, Aleksa"]
[Result "0-1"]
[WhiteElo "2090"]
[BlackElo "2551"]
[PlyCount "66"]
[EventDate "2007.10.15"]

1. d4 d6 2. Nf3 Nf6 3. Bg5 Nbd7 4. Nbd2 h6 5. Bxf6 Nxf6 6. e3 g6 7. Be2 Bg7 8.
O-O O-O 9. c4 c5 10. a3 a6 11. b4 Qc7 12. bxc5 dxc5 13. Qb3 cxd4 14. exd4 Rd8
15. Rfd1 Nh5 16. Ne4 Nf4 17. Ra2 Bg4 18. d5 e6 19. Bf1 exd5 20. cxd5 Bf5 21.
Ng3 Bd7 22. Ne2 Nh5 23. Re1 Qb8 24. Ned4 Nf6 25. Rb2 Qd6 26. Rd1 Rab8 27. Nc2
Ne4 28. Nfd4 Nc5 29. Qb4 Ba4 30. Bc4 Rbc8 31. Ba2 Re8 32. Rf1 Re4 33. Qd2 Bxc2
0-1

[Event "IV Open Internacional Calvià"]
[Site "Calvia"]
[Date "2007.10.15"]
[Round "1.17"]
[White "Romanishin, Oleg M"]
[Black "Ignacz, Rozsa"]
[Result "1-0"]
[WhiteElo "2547"]
[BlackElo "2079"]
[PlyCount "63"]
[EventDate "2007.10.15"]

1. d4 Nf6 2. Nf3 b6 3. g3 e6 4. Bg2 Bb7 5. c4 Be7 6. Nc3 O-O 7. d5 Na6 8. O-O
Nc5 9. Nd4 a5 10. e4 e5 11. Nf5 d6 12. f4 Bc8 13. fxe5 dxe5 14. Nxe7+ Qxe7 15.
Bg5 Ncd7 16. d6 Qxd6 17. Qxd6 cxd6 18. Rad1 Ba6 19. b3 h6 20. Bxf6 Nxf6 21.
Rxd6 Rfb8 22. a4 Ne8 23. Rc6 Kf8 24. Rd1 Bc8 25. Bf1 f6 26. Be2 g6 27. Nd5 Bb7
28. Rxb6 Bxd5 29. Rxb8 Rxb8 30. exd5 Ke7 31. c5 Rxb3 32. d6+ 1-0

[Event "IV Open Internacional Calvià"]
[Site "Calvia"]
[Date "2007.10.15"]
[Round "1.18"]
[White "Andersen, Mads"]
[Black "Peralta, Fernando"]
[Result "0-1"]
[WhiteElo "2074"]
[BlackElo "2546"]
[PlyCount "76"]
[EventDate "2007.10.15"]

1. e4 c6 2. d4 d5 3. Nd2 dxe4 4. Nxe4 Bf5 5. Ng3 Bg6 6. h4 h6 7. Nf3 Nd7 8. h5
Bh7 9. Bd3 Bxd3 10. Qxd3 e6 11. Bd2 Ngf6 12. O-O-O Be7 13. Ne4 O-O 14. Nxf6+
Nxf6 15. Qe2 c5 16. dxc5 Qc7 17. Bc3 Nd5 18. Qe5 Qxe5 19. Bxe5 Bxc5 20. Bd4
Rfc8 21. Bxc5 Rxc5 22. Rd4 Rac8 23. c3 b5 24. Kb1 Nf6 25. g4 e5 26. Rd6 Nxg4
27. Rg1 Nxf2 28. Rxh6 Nh3 29. Rg3 Nf4 30. Nd2 Ng6 31. Ne4 R5c6 32. Rhxg6 fxg6
33. hxg6 Re8 34. Kc2 a6 35. Kd3 Ree6 36. Rg5 Rxg6 37. Rxe5 Rg2 38. Ng5 Rc8 0-1

[Event "IV Open Internacional Calvià"]
[Site "Calvia"]
[Date "2007.10.15"]
[Round "1.19"]
[White "Jedynak, Radoslaw"]
[Black "Castell Cantero, Salvador"]
[Result "1-0"]
[WhiteElo "2543"]
[BlackElo "2073"]
[PlyCount "101"]
[EventDate "2007.10.15"]

1. d4 d5 2. c4 e6 3. Nc3 Nf6 4. cxd5 exd5 5. Bg5 Be7 6. Qc2 c6 7. e3 O-O 8. Bd3
Nbd7 9. Nf3 Re8 10. O-O Nf8 11. h4 Ne4 12. Bf4 f5 13. Ne5 Bf6 14. f3 Nd6 15.
Rad1 Ne6 16. Bh2 Qb6 17. Kh1 g6 18. Nxg6 hxg6 19. Bxd6 Bg7 20. Bh2 Qd8 21. b4
Qxh4 22. b5 Bd7 23. bxc6 Bxc6 24. Bb5 Rac8 25. Bxc6 bxc6 26. Qd3 Red8 27. Qa6
Qe7 28. Rfe1 Qd7 29. Na4 Re8 30. Bg1 Bf8 31. e4 fxe4 32. fxe4 Nf4 33. Qf1 g5
34. Nc5 Bxc5 35. dxc5 Rf8 36. Qf3 Rce8 37. Qg3 Qg7 38. exd5 Rxe1 39. Rxe1 cxd5
40. Rd1 Rf5 41. Qg4 Qf6 42. c6 Ne6 43. Qb4 Qf7 44. Qb8+ Kh7 45. Rb1 Kg6 46. Rb7
Qf6 47. c7 Nxc7 48. Qxc7 g4 49. Qh7+ Kg5 50. Rg7+ Kf4 51. Rg6 1-0

[Event "IV Open Internacional Calvià"]
[Site "Calvia"]
[Date "2007.10.15"]
[Round "1.20"]
[White "Mandic, Milenko"]
[Black "Godena, Michele"]
[Result "0-1"]
[WhiteElo "2064"]
[BlackElo "2535"]
[PlyCount "76"]
[EventDate "2007.10.15"]

1. d4 d5 2. Nf3 Nf6 3. Bf4 Bf5 4. e3 e6 5. Bd3 Bxd3 6. Qxd3 c5 7. Bxb8 Rxb8 8.
Qb5+ Qd7 9. Qxd7+ Nxd7 10. c3 Bd6 11. Nbd2 Ke7 12. e4 cxd4 13. Nxd4 Nf6 14.
exd5 Nxd5 15. O-O Rhd8 16. Rad1 Rbc8 17. Rfe1 Bb8 18. Ne4 h6 19. g3 a6 20. Kg2
Ba7 21. Rd3 Nb4 22. Nf5+ exf5 23. Nd6+ Kf8 24. cxb4 Rc2 25. Red1 Rxf2+ 26. Kh3
g5 27. R1d2 g4+ 28. Kh4 Rxd2 29. Rxd2 Be3 30. Rd3 Bg5+ 31. Kh5 Be7 32. Rd5 Rxd6
33. Rxf5 Rd2 34. b5 Rxb2 35. bxa6 bxa6 36. Ra5 Rb5+ 37. Rxb5 axb5 38. Kxh6 Bc5
0-1

[Event "IV Open Internacional Calvià"]
[Site "Calvia"]
[Date "2007.10.15"]
[Round "1.21"]
[White "Movsziszian, Karen"]
[Black "Ruprich, Udo"]
[Result "1-0"]
[WhiteElo "2531"]
[BlackElo "2053"]
[PlyCount "71"]
[EventDate "2007.10.15"]

1. e4 e5 2. Nf3 d6 3. d4 exd4 4. Nxd4 Nf6 5. Nc3 Be7 6. Bc4 O-O 7. O-O Nc6 8.
Re1 Nxd4 9. Qxd4 Ng4 10. Nd5 Be6 11. Nxe7+ Qxe7 12. Bf1 Rfd8 13. h3 Ne5 14. f4
Nc6 15. Qf2 f6 16. b3 Rd7 17. Bb2 Rf8 18. Rad1 a6 19. Kh2 Qd8 20. c4 Kh8 21.
Rd2 Qc8 22. Be2 Re7 23. Bf3 Qe8 24. g4 Bg8 25. h4 Nd8 26. Rg1 Ne6 27. Qg3 Nc5
28. g5 f5 29. e5 dxe5 30. Bxe5 Be6 31. Re1 Bc8 32. Rde2 Qd7 33. h5 Kg8 34. h6
g6 35. Bd5+ Ne6 36. Bf6 1-0

[Event "IV Open Internacional Calvià"]
[Site "Calvia"]
[Date "2007.10.15"]
[Round "1.23"]
[White "Del Rio Angelis, Salvador G"]
[Black "Martin Sanchez, Enric"]
[Result "1-0"]
[WhiteElo "2512"]
[BlackElo "2039"]
[PlyCount "59"]
[EventDate "2007.10.15"]

1. d4 Nf6 2. c4 c5 3. d5 e5 4. Nc3 d6 5. e4 Be7 6. Nf3 O-O 7. Be2 b5 8. cxb5 a6
9. bxa6 Bxa6 10. O-O Nbd7 11. b3 Qb6 12. Nd2 Rfb8 13. Bb2 Qc7 14. Bxa6 Rxa6 15.
Qe2 Qb7 16. a4 c4 17. Qxc4 Rc8 18. Qe2 Nc5 19. Nb5 Ne8 20. Ba3 Bg5 21. Bxc5
Rxc5 22. Nc4 Be7 23. b4 Rc8 24. Na5 Qa8 25. Rfc1 Bd8 26. Rxc8 Qxc8 27. Nc6 Kf8
28. g3 f5 29. exf5 Bf6 30. Qe4 1-0

[Event "IV Open Internacional Calvià"]
[Site "Calvia"]
[Date "2007.10.15"]
[Round "1.25"]
[White "Heberla, Bartlomiej"]
[Black "Navarro Cazorla, Juan"]
[Result "1-0"]
[WhiteElo "2502"]
[BlackElo "2030"]
[PlyCount "97"]
[EventDate "2007.10.15"]

1. e4 e6 2. Nc3 d5 3. Nf3 Nf6 4. e5 Nfd7 5. d4 c5 6. dxc5 Nc6 7. Bf4 Bxc5 8.
Bd3 f6 9. exf6 Qxf6 10. Bg3 O-O 11. O-O Nde5 12. Nxe5 Nxe5 13. Bxh7+ Kxh7 14.
Qh5+ Kg8 15. Qxe5 Bd7 16. Rad1 Qxe5 17. Bxe5 Rf5 18. Bd4 Bd6 19. f3 b5 20. Bf2
Be5 21. Bd4 Bd6 22. Ne2 e5 23. Bf2 Bc6 24. Rfe1 b4 25. c4 bxc3 26. bxc3 Rff8
27. Rb1 Rfb8 28. Rb3 Bb5 29. Ng3 Bc4 30. Rxb8+ Rxb8 31. Nf5 Bc7 32. Bxa7 Ra8
33. Bc5 Rxa2 34. Rb1 Ba5 35. Rb8+ Kh7 36. Bb4 Bd3 37. Bxa5 Bxf5 38. Rb5 Be6 39.
Bc7 e4 40. fxe4 dxe4 41. Re5 Bc8 42. Rxe4 Bb7 43. Rh4+ Kg6 44. Rg4+ Kf6 45. h3
Rc2 46. Bb6 g5 47. Be3 Bc8 48. Bxg5+ Kf5 49. Rg3 1-0

[Event "IV Open Internacional Calvià"]
[Site "Calvia"]
[Date "2007.10.15"]
[Round "1.26"]
[White "Pettersen, Joar Gullestad"]
[Black "Cabrera, Alexis"]
[Result "0-1"]
[WhiteElo "2027"]
[BlackElo "2499"]
[PlyCount "74"]
[EventDate "2007.10.15"]

1. Nf3 Nf6 2. d4 g6 3. g3 Bg7 4. Bg2 O-O 5. O-O c6 6. c4 d5 7. cxd5 cxd5 8. Nc3
Nc6 9. Ne5 e6 10. Nxc6 bxc6 11. Na4 Nd7 12. Bf4 Qa5 13. Bd6 Re8 14. Rc1 Ba6 15.
b3 Rac8 16. Re1 Bb5 17. Nc5 Nxc5 18. Bxc5 Qxa2 19. Ra1 Qb2 20. Rb1 Qc3 21. Rc1
Qa5 22. Ra1 Qd8 23. Rxa7 Ra8 24. e3 Rxa7 25. Bxa7 Bf8 26. Qd2 Qc7 27. Ra1 Ra8
28. Qa5 Qxa5 29. Rxa5 Bb4 30. Ra1 Bd6 31. Ra5 Bc7 32. Rxb5 cxb5 33. Bc5 f6 34.
b4 Kf7 35. Bf1 Rb8 36. Kg2 Ke8 37. h4 Kd7 0-1

[Event "IV Open Internacional Calvià"]
[Site "Calvia"]
[Date "2007.10.15"]
[Round "1.27"]
[White "Cornette, Matthieu"]
[Black "Haugstad, Espen"]
[Result "1-0"]
[WhiteElo "2494"]
[BlackElo "2025"]
[PlyCount "43"]
[EventDate "2007.10.15"]

1. e4 e5 2. Nf3 Nc6 3. Bc4 Nf6 4. d3 h6 5. O-O g6 6. d4 Nxe4 7. dxe5 Nc5 8. Qd5
Ne6 9. Rd1 Bg7 10. Qe4 Qe7 11. Nc3 O-O 12. Nd5 Qd8 13. Nf6+ Bxf6 14. Bxe6 Bg7
15. Bxh6 Bxh6 16. Qxg6+ Bg7 17. Bd5 Ne7 18. Qh5 Nxd5 19. Ng5 Re8 20. Qxf7+ Kh8
21. Rd3 d6 22. Qh5+ 1-0

[Event "IV Open Internacional Calvià"]
[Site "Calvia"]
[Date "2007.10.15"]
[Round "1.28"]
[White "Moreno Garcia, Alfonso"]
[Black "Drazic, Sinisa"]
[Result "0-1"]
[WhiteElo "2020"]
[BlackElo "2493"]
[PlyCount "82"]
[EventDate "2007.10.15"]

1. e4 Nf6 2. e5 Nd5 3. c4 Nb6 4. d4 d6 5. exd6 exd6 6. Nc3 Be7 7. Nf3 O-O 8.
Be2 Re8 9. O-O N8d7 10. b3 c6 11. Bb2 Nf8 12. Re1 Bf5 13. Rc1 a6 14. Bf1 Bg6
15. g3 h6 16. Bg2 Nbd7 17. a4 Nh7 18. Nd2 Nhf6 19. Nde4 Bf8 20. f4 Nxe4 21.
Nxe4 d5 22. cxd5 Bxe4 23. Rxe4 Rxe4 24. Bxe4 Nf6 25. Bg2 Nxd5 26. Qd3 Qa5 27.
Bxd5 Qxd5 28. Re1 Rd8 29. Re5 Qd7 30. Qe2 Bd6 31. Re4 Kf8 32. Kg2 Qf5 33. g4
Qd5 34. Qf2 f5 35. gxf5 Qxf5 36. Bc3 Kg8 37. Bd2 Rf8 38. Qe2 Kh7 39. b4 Rf6 40.
a5 Rg6+ 41. Kf2 Qh3 0-1

[Event "IV Open Internacional Calvià"]
[Site "Calvia"]
[Date "2007.10.15"]
[Round "1.29"]
[White "Libiszewski, Fabien"]
[Black "Ben Arzi, Ido"]
[Result "1-0"]
[WhiteElo "2486"]
[BlackElo "2010"]
[PlyCount "53"]
[EventDate "2007.10.15"]

1. e4 c5 2. Nf3 d6 3. c3 Nf6 4. h3 Nc6 5. Bd3 g6 6. O-O Bg7 7. Re1 O-O 8. Bc2
e5 9. d3 Qc7 10. Nbd2 b5 11. a4 b4 12. Nc4 bxc3 13. bxc3 d5 14. Ne3 Ne7 15. Nd2
Rd8 16. Qf3 Bb7 17. Rb1 Nh5 18. exd5 Nxd5 19. Rxb7 Qxb7 20. c4 Nxe3 21. Qxb7
Nxc2 22. Rd1 Nf4 23. Ne4 Rab8 24. Qxa7 Rb1 25. Nc3 Rb3 26. Bxf4 Rxc3 27. Qe7
1-0

[Event "IV Open Internacional Calvià"]
[Site "Calvia"]
[Date "2007.10.15"]
[Round "1.31"]
[White "Carlsson, Pontus"]
[Black "Cerdo Fernandez, Miguel"]
[Result "1-0"]
[WhiteElo "2481"]
[BlackElo "1990"]
[PlyCount "53"]
[EventDate "2007.10.15"]

1. e4 Nf6 2. e5 Nd5 3. d4 d6 4. c4 Nb6 5. exd6 cxd6 6. Nc3 g6 7. Be3 Bg7 8. Rc1
O-O 9. b3 e5 10. dxe5 dxe5 11. Qxd8 Rxd8 12. c5 N6d7 13. Nf3 Nc6 14. Bc4 Nf6
15. O-O Bf5 16. Nb5 Bd3 17. Bxd3 Rxd3 18. Nd6 Rb8 19. Ng5 Nd8 20. Rfd1 Rxd1+
21. Rxd1 Ng4 22. Bc1 f5 23. Ne8 Nf6 24. Nxg7 h6 25. N7e6 Nxe6 26. Nxe6 Kf7 27.
Rd8 1-0

[Event "IV Open Internacional Calvià"]
[Site "Calvia"]
[Date "2007.10.15"]
[Round "1.32"]
[White "Levine, Yonatan"]
[Black "Orlov, Andrey"]
[Result "0-1"]
[WhiteElo "1984"]
[BlackElo "2481"]
[PlyCount "100"]
[EventDate "2007.10.15"]

1. Nf3 Nf6 2. g3 b6 3. Bg2 Bb7 4. O-O e6 5. d3 d5 6. Nc3 Bb4 7. Bf4 O-O 8. Nb5
Na6 9. c3 Be7 10. Nbd4 c5 11. Nc2 Nb8 12. d4 Nc6 13. Ne5 Rc8 14. e3 Nxe5 15.
Bxe5 Nd7 16. h4 Kh8 17. Qh5 Qe8 18. Bh3 Nxe5 19. Qxe5 Qb5 20. Rfb1 Qa4 21. Ne1
Ba6 22. Bf1 Bxf1 23. Kxf1 b5 24. a3 Rfe8 25. Qh5 f6 26. Qf7 Qa6 27. Kg1 Bf8 28.
Nd3 c4 29. Nf4 Qc6 30. Qh5 Kg8 31. Qf3 Rcd8 32. Rd1 a5 33. h5 Rd7 34. Ng6 hxg6
35. hxg6 Bd6 36. Qh5 Kf8 37. Qh8+ Ke7 38. Qxg7+ Kd8 39. Qxf6+ Be7 40. Qe5 Qd6
41. Qh5 Bf6 42. Qg4 Rg8 43. e4 dxe4 44. Qxe4 Qd5 45. Qf4 Rxg6 46. Re1 Kc8 47.
a4 b4 48. cxb4 Bxd4 49. b3 c3 50. bxa5 Bf6 0-1

[Event "IV Open Internacional Calvià"]
[Site "Calvia"]
[Date "2007.10.15"]
[Round "1.33"]
[White "Marzolo, Cyril"]
[Black "Abadia Pascual, Luis"]
[Result "1-0"]
[WhiteElo "2478"]
[BlackElo "1979"]
[PlyCount "76"]
[EventDate "2007.10.15"]

1. d4 f5 2. e4 fxe4 3. Nc3 Nf6 4. Bg5 d5 5. Bxf6 exf6 6. Qh5+ g6 7. Qxd5 Qxd5
8. Nxd5 Kd8 9. Nxf6 Bf5 10. Nd5 Bh6 11. Ne3 Nc6 12. c3 Rf8 13. Ne2 Kd7 14. Ng3
Rae8 15. Bb5 a6 16. Ba4 b5 17. Bc2 Kc8 18. O-O Bg7 19. Rfe1 Na5 20. Nef1 Nc4
21. Rab1 Nd6 22. Nd2 e3 23. Bxf5+ Nxf5 24. fxe3 Nxg3 25. hxg3 Bh6 26. Nf1 Re4
27. Re2 Rfe8 28. Kf2 Rf8+ 29. Ke1 Kd7 30. Kd2 Rfe8 31. Kd3 Kd6 32. b4 c6 33.
Rbe1 Kd7 34. Nd2 Rg4 35. Rh1 Bg5 36. Rxh7+ Kd6 37. Nf3 Rxg3 38. Nxg5 Rxg5 1-0